<?xml version="1.0" encoding="UTF-8"?>
<marc:record xmlns:marc="http://www.loc.gov/MARC21/slim">
   <marc:leader>00000nam a2200000 a 4500</marc:leader>
   <marc:datafield ind1="1" ind2=" " tag="100">
      <marc:subfield code="a">Sendker, Jan-Philipp</marc:subfield>
      <marc:subfield code="4">aut</marc:subfield>
      <marc:subfield code="e">Verfasser/-in</marc:subfield>
   </marc:datafield>
   <marc:datafield ind1=" " ind2=" " tag="653">
      <marc:subfield code="a">Fiktionale Darstellung</marc:subfield>
   </marc:datafield>
   <marc:datafield ind1=" " ind2=" " tag="653">
      <marc:subfield code="a">Erzählende Literatur</marc:subfield>
   </marc:datafield>
   <marc:datafield ind1=" " ind2=" " tag="653">
      <marc:subfield code="a">Burma</marc:subfield>
   </marc:datafield>
   <marc:datafield ind1=" " ind2=" " tag="653">
      <marc:subfield code="a">Myanmar</marc:subfield>
   </marc:datafield>
   <marc:datafield ind1=" " ind2=" " tag="653">
      <marc:subfield code="a">Herzenhören</marc:subfield>
   </marc:datafield>
   <marc:datafield ind1=" " ind2=" " tag="653">
      <marc:subfield code="a">Herzenstimmen</marc:subfield>
   </marc:datafield>
   <marc:datafield ind1=" " ind2=" " tag="653">
      <marc:subfield code="a">Buddhismus</marc:subfield>
   </marc:datafield>
   <marc:datafield ind1=" " ind2=" " tag="653">
      <marc:subfield code="a">Mönch</marc:subfield>
   </marc:datafield>
   <marc:datafield ind1=" " ind2=" " tag="653">
      <marc:subfield code="a">Rangun</marc:subfield>
   </marc:datafield>
   <marc:datafield ind1=" " ind2=" " tag="653">
      <marc:subfield code="a">New York</marc:subfield>
   </marc:datafield>
   <marc:datafield ind1=" " ind2=" " tag="653">
      <marc:subfield code="a">Tapferkeit</marc:subfield>
   </marc:datafield>
   <marc:datafield ind1=" " ind2=" " tag="653">
      <marc:subfield code="a">Kloster</marc:subfield>
   </marc:datafield>
   <marc:datafield ind1="0" ind2="0" tag="245">
      <marc:subfield code="a">Das Gedächtnis des Herzens</marc:subfield>
   </marc:datafield>
   <marc:datafield ind1="0" ind2="0" tag="245">
      <marc:subfield code="b">Roman</marc:subfield>
   </marc:datafield>
   <marc:datafield ind1="0" ind2="0" tag="245">
      <marc:subfield code="c">Sendker, Jan-Philipp</marc:subfield>
   </marc:datafield>
   <marc:datafield ind1=" " ind2="1" tag="264">
      <marc:subfield code="a">München</marc:subfield>
      <marc:subfield code="b">Blessing</marc:subfield>
      <marc:subfield code="c">2019</marc:subfield>
   </marc:datafield>
   <marc:datafield ind1="1" ind2=" " tag="490">
      <marc:subfield code="a">Burma-Serie</marc:subfield>
      <marc:subfield code="v">Band 3</marc:subfield>
   </marc:datafield>
   <marc:datafield ind1=" " ind2=" " tag="250">
      <marc:subfield code="a">Originalausgabe</marc:subfield>
   </marc:datafield>
   <marc:datafield ind1="1" ind2=" " tag="520">
      <marc:subfield code="a">Angaben aus der Verlagsmeldung &#xD;
&#xD;
 &#xD;
&#xD;
  Das Gedächtnis des Herzens / von Jan-Philipp Sendker &#xD;
&#xD;
 &#xD;
Der zwölfjährige Ko Bo Bo lebt bei seinem Onkel U Ba in Kalaw, einem Ort in Burma. Er ist ein Kind mit einer ungewöhnlichen Gabe: Bo Bo kann die Gefühle der Menschen in ihren Augen lesen. Sein Vater kommt ihn einmal im Jahr besuchen, an seine Mutter kann er sich kaum erinnern. &#xD;
&#xD;
 &#xD;
Dann erzählt ihm U Ba von einer großen Liebe, die im Wirbel politischer Ereignisse zu zerbrechen droht, von der Tapferkeit des Herzens und einer geheimnisvollen Krankheit seiner Mutter. Bo Bo beschließt sich auf die Suche nach seinen Eltern zu machen. Er ist überzeugt, dass er seine Mutter heilen kann.&#xD;
&#xD;
&#xD;
Biografie&#xD;
Jan-Philipp Sendker, geboren 1960 in Hamburg, war von 1990 bis 1995 Amerika- und von 1995 bis 1999 Asien-Korrespondent des „Stern“. Nach einem weiteren Amerika-Aufenthalt kehrte er nach Deutschland zurück und arbeitete als Autor für den »Stern«. ach einem weiteren Amerika-Aufenthalt kehrte er nach Deutschland zurück. Er lebt mit seiner Familie in Potsdam. Seine eindringliche China-Reportage »Risse in der Großen Mauer«, erschien 2000 bei Blessing. Nach dem Bestseller „Das Herzenhören“ folgten die Romane „Das Flüstern der Schatten“ (2007) und „Drachenspiele" (2009). Sendkers erster Roman „Das Herzenhören“ ist ein Phänomen: ein Buch, das im Laufe der Jahre Hundertausende Leserherzen gewonnen hat, und täglich werden es mehr. Auch in den USA ist der Roman inzwischen ein Bestseller. Zur Zeit arbeitet der Autor an dem Drehbuch für die Kinoverfilmung. Mit „Herzenstimmen“ findet der Beststeller seine Fortsetzung.</marc:subfield>
   </marc:datafield>
   <marc:datafield ind1=" " ind2=" " tag="020">
      <marc:subfield code="a">9783896675026</marc:subfield>
      <marc:subfield code="9">9783896675026</marc:subfield>
   </marc:datafield>
   <marc:datafield ind1=" " ind2=" " tag="020">
      <marc:subfield code="a">3896675028</marc:subfield>
      <marc:subfield code="9">3896675028</marc:subfield>
   </marc:datafield>
   <marc:datafield ind1=" " ind2=" " tag="041">
      <marc:subfield code="a">ger</marc:subfield>
   </marc:datafield>
   <marc:datafield ind1="0" ind2=" " tag="490">
      <marc:subfield code="v">Band 3</marc:subfield>
   </marc:datafield>
   <marc:datafield ind1=" " ind2=" " tag="338">
      <marc:subfield code="a">Band</marc:subfield>
   </marc:datafield>
   <marc:datafield ind1=" " ind2=" " tag="300">
      <marc:subfield code="a">335 Seiten</marc:subfield>
   </marc:datafield>
</marc:record>
